Fundamentals of Heat and Mass Transfer (Record no. 13913)
[ view plain ]
| 000 -LEADER | |
|---|---|
| fixed length control field | 00467nam a22001697a 4500 |
| 020 ## - INTERNATIONAL STANDARD BOOK NUMBER | |
| ISBN | 9788126536146 |
| 082 ## - DEWEY DECIMAL CLASSIFICATION NUMBER | |
| Classification number | 621.4022 |
| Item number | INC/FU |
| 100 ## - MAIN ENTRY--AUTHOR NAME | |
| Personal name | Incropera, Frank P |
| 100 ## - MAIN ENTRY--AUTHOR NAME | |
| Personal name | Dewitt,David P. |
| 100 ## - MAIN ENTRY--AUTHOR NAME | |
| Personal name | Bergman,Thedore L. |
| 100 ## - MAIN ENTRY--AUTHOR NAME | |
| Personal name | Lavine,Adrienne S. |
| 245 ## - TITLE STATEMENT | |
| Title | Fundamentals of Heat and Mass Transfer |
| 250 ## - EDITION STATEMENT | |
| Edition statement | 6 th |
| 260 ## - PUBLICATION, DISTRIBUTION, ETC. (IMPRINT) | |
| Place of publication | New Delhi |
| Name of publisher | Wiley India Pvt. Ltd |
| Year of publication | 2013, 2012 |
| 300 ## - PHYSICAL DESCRIPTION | |
| Number of Pages | 925, A-1 to I-13 |
| 942 ## - ADDED ENTRY ELEMENTS (KOHA) | |
| Koha item type | Books |
| Withdrawn status | Lost status | Damaged status | Collection code | Home library | Current library | Shelving location | Date acquired | Source of acquisition | Cost, normal purchase price | Full call number | Accession Number | Koha item type |
|---|---|---|---|---|---|---|---|---|---|---|---|---|
| Non-fiction | KAUAET | KAUAET | General Stacks | 30/03/2013 | Calicut Book Distributors | 499.00 | 621.4022 INC/FU | 23655 | Books | |||
| KAUAET | KAUAET | Scheme | 25/08/2016 | Calicut Book Daistributors, Calicut. | 649.00 | 621.4022 INC/FU | BB 272 | Book Bank scheme for SC students |
